Đuổi theo tốp dẫn đầu: Làm sao nhóm dẫn đầu thị trường vượt xa đối thủ và làm sao những công ty giỏi có thể bắt kịp và thắng

Sách nói về một phần luận án và nhiều nghiên cứu hậu tiến sĩ của tác giả, những lý thuyết về quản trị bậc cao học và cấp điều hành những tổ chức lớn

Gardado en:
Detalles Bibliográficos
Autor Principal: Spear, Steven J.
Formato: Libro
Idioma:Undetermined
Publicado: Thành phố Hồ Chí Minh Tổng hợp thành phố Hồ Chí Minh 2009
Những chủ đề:
Các nhãn: Engadir etiqueta
Sen Etiquetas, Sexa o primeiro en etiquetar este rexistro!
Thư viện lưu trữ: Trung tâm Học liệu Trường Đại học Cần Thơ
LEADER 01081nam a2200217Ia 4500
001 CTU_185968
008 210402s9999 xx 000 0 und d
020 |c 70000 
082 |a 658.4 
082 |b S741 
100 |a Spear, Steven J. 
245 0 |a Đuổi theo tốp dẫn đầu: 
245 0 |b Làm sao nhóm dẫn đầu thị trường vượt xa đối thủ và làm sao những công ty giỏi có thể bắt kịp và thắng 
245 0 |c Steven J. Spear; Nguyễn Tranh Điệp (dịch) 
260 |a Thành phố Hồ Chí Minh 
260 |b Tổng hợp thành phố Hồ Chí Minh 
260 |c 2009 
520 |a Sách nói về một phần luận án và nhiều nghiên cứu hậu tiến sĩ của tác giả, những lý thuyết về quản trị bậc cao học và cấp điều hành những tổ chức lớn 
650 |a Management,Quản trị học 
910 |a Ngô Hồng Xuân 
980 |a Trung tâm Học liệu Trường Đại học Cần Thơ